Statistics for The Rutherford B. Hayes Presidency

Click here to take the quiz!

General Stats

  • This quiz has been taken 266 times
  • The average score is 8 of 15

Answer Stats

HintAnswer% Correct
His political party (as President)Republican
90%
His home stateOhio
88%
Period of the United States that ended when Hayes became PresidentReconstruction
76%
Hayes vetoed a bill passed by Congress, which prohibited immigration from this countryChina
69%
Name of his wife (hint: starts with L)Lucy
61%
Unfortunate nickname he received because of the controversial electionRuther{fraud}
60%
1876 election opponent who won the popular voteSamuel J. Tilden
53%
System that provides jobs to supporters and friends rather than those more qualified, which Hayes worked to reform{Spoils} System
45%
Hayes was the first President to have these in the White House (both start with T)Telephone
44%
Large labor uprising in 1877 that occurred because of companies cutting wagesGreat {Railroad} Strike
43%
His wife earned the nickname "Lemonade ____" because they would not serve this in the White HouseAlcohol
35%
His middle nameBirchard
33%
His Vice PresidentWilliam A. Wheeler
31%
City he was born in (it's the name of another state!)Delaware
30%
Hayes was the first President to have these in the White House (both start with T)Typewriter
10%

Score Distribution

Percentile by Number Answered

Percent of People with Each Score

Your Score History

You have not taken this quiz